Analýza nezamestnanosti mladých na Slovensku diplomová práca

Na minha lista:
Detalhes bibliográficos
Autor principal: Beňová, Zuzana
Autor Corporativo: Fakulta hospodárskej informatiky EU. Katedra štatistiky
Outros Autores: Sodomová, Eva
Formato: Livro
Idioma:eslovaco
Publicado em: Bratislava 2018
Tags: Adicionar Tag
Sem tags, seja o primeiro a adicionar uma tag!

MARC

LEADER 00000nbm a2200000 4500
001 0243543
005 20220408103014.7
041 0 |a slo 
044 |a SK 
245 1 0 |a Analýza nezamestnanosti mladých na Slovensku  |b diplomová práca  |c Zuzana Beňová ; školiteľ: Eva Sodomová 
264 1 |a Bratislava  |c 2018 
300 |a 73 s. 
100 1 |a Beňová, Zuzana 
700 1 |a Sodomová, Eva 
710 2 |a Fakulta hospodárskej informatiky EU. Katedra štatistiky